Programa académico 2012-2013 [del Instituto Nacional de Salud Pública] /

保存先:
書誌詳細
団体著者: México. Instituto Nacional de Salud Pública
その他の著者: Rodríguez López, Mario Henry (presentación) (presentación)
フォーマット: 図書
言語:スペイン語
出版事項: Cuernavaca, Morelos : Instituto Nacional de Salud Pública, 2011, c2011
主題:
タグ: タグ追加
タグなし, このレコードへの初めてのタグを付けませんか!

MARC

LEADER 00000nam^a2200000^a^4500
001 000318589
005 20250521000000.0
009 20260310113416.926
020 |a 978-607-511-020-2 
037 |a Acervo ITESO - Biblioteca 
041 |a ESP 
082 |a 378. 72492  |b INS INSP-ca 2013 
110 |a México.  |b Instituto Nacional de Salud Pública 
245 1 0 |a Programa académico 2012-2013 [del Instituto Nacional de Salud Pública] /  |c Presen. de Mario Henry Rodríguez López. 
264 4 |a Cuernavaca, Morelos :  |b Instituto Nacional de Salud Pública,  |c 2011, c2011 
300 |a 190 p. 
336 |a texto  |b txt  |2 rdacontenido 
337 |a sin mediación  |b n  |2 rdamedio 
338 |a volumen  |b nc  |2 rdasoporte 
649 |a XX 
650 |a Salud Pública -  |z México -  |x Estudio y Enseñanza -  |x Tema Principal 
650 |a Programas de Materia 
650 |a Currículo 
650 |a Instituto Nacional de Salud Pública -  |x Catálogos -  |x Tema Principal 
650 |a Instituciones Educativas -  |z Cuernavaca, Morelos 
650 |a Instituciones Educativas -  |z México 
650 |a Educación Pública -  |z Cuernavaca, Morelos 
650 |a Educación Pública -  |z México 
650 |a Educación Superior -  |z Cuernavaca, Morelos 
650 |a Educación Superior -  |z México 
700 |a Rodríguez López, Mario Henry  |e (presentación) 
910 |a Fondo General 
920 |a Impresos - Libros 
930 |a Colección General 
905 |a 101 
901 |a 0500205779  |b IT1  |c ACC  |u 20250521 
902 |a https://opac.biblio.iteso.mx/vufind/Record/000318589